[Event "Tournament 14473 - Europe Echecs"]
[Site "Europe Echecs"]
[Date "2020.07.11"]
[Round "7"]
[Time "17:11:00"]
[PlyCount "84"]
[White "FereyAntonin"]
[Black "FischerThorang"]
[WhiteElo "2138"]
[BlackElo "1998"]
[Mode "WEB"]
[Result "1-0"]

1. d4 d5 2. c4 e6 3. Nf3 c6 4. Nbd2 Bd6 5. e3 f5 6. Bd3 Nf6 7. Ne5 O-O 8. Ndf3
Ne4 9. Bd2 Nd7 10. Qc2 Ndf6 11. h3 a5 12. g4 Nxd2 13. Nxd2 Ne4 14. f3 Qh4+ 15.
Kd1 Nf2+ 16. Ke2 Nxh1 17. Rxh1 Bxe5 18. dxe5 Qg3 19. Rf1 Qxe5 20. f4 Qd6 21. Nf3
b5 22. c5 Qc7 23. Nd4 g6 24. Rg1 Kf7 25. Nf3 b4 26. b3 Kg8 27. Ne5 Ba6 28. Bxa6
Rxa6 29. Qb2 Qg7 30. Qd4 Rfa8 31. h4 a4 32. gxf5 exf5 33. h5 axb3 34. hxg6 h6
35. axb3 Ra2+ 36. Kf3 Rc2 37. Qxb4 Re8 38. Qd4 h5 39. Qd3 Ra2 40. Qxf5 h4 41.
Rh1 Rf8 42. Qe6+ {FischerThorang a abandonné} 1-0

[Event "Tournament 14473 - Europe Echecs"]
[Site "Europe Echecs"]
[Date "2020.07.11"]
[Round "7"]
[Time "17:11:00"]
[PlyCount "119"]
[White "DavidBogdanEma"]
[Black "RebutPaul"]
[WhiteElo "2092"]
[BlackElo "1966"]
[Mode "WEB"]
[Result "0-1"]

1. e4 d5 2. exd5 Qxd5 3. Nc3 Qa5 4. d4 Nf6 5. Bc4 Bf5 6. Bd2 Qb6 7. Nf3 e6 8.
O-O Be7 9. d5 exd5 10. Nxd5 Nxd5 11. Bxd5 c6 12. Be3 Qc7 13. Bb3 O-O 14. Nd4 Bg6
15. c3 Nd7 16. f4 Be4 17. Bc2 Bxc2 18. Qxc2 Bc5 19. g3 Nf6 20. Nf5 Bxe3+ 21.
Nxe3 Qb6 22. Qf2 Rfe8 23. Nc4 Qxf2+ 24. Rxf2 Re7 25. Rd2 Rae8 26. Rad1 Re1+ 27.
Rxe1 Rxe1+ 28. Kf2 Re8 29. Nd6 Rd8 30. Rd4 Rxd6 31. Ra4 a6 32. Rb4 Rd7 33. Kf3
Kf8 34. h3 Ke7 35. g4 Nd5 36. Re4+ Kd6 37. Rd4 Re7 38. Rd2 Kc5 39. h4 Re3+ 40.
Kf2 Rh3 41. Rd4 Rh2+ 42. Kg3 Rxb2 43. f5 Rxa2 44. Re4 Ra3 45. h5 Rxc3+ 46. Kh4
Re3 47. Ra4 f6 48. g5 Rd3 49. h6 fxg5+ 50. Kxg5 gxh6+ 51. Kxh6 Rf3 52. Kg5 Kb5
53. Re4 a5 54. Kg4 Rf1 55. Re5 a4 56. f6 Rxf6 57. Kg5 a3 58. Re2 Rf3 59. Kg4 Rb3 {DavidBogdanEma a abandonné} 0-1

[Event "Tournament 14473 - Europe Echecs"]
[Site "Europe Echecs"]
[Date "2020.07.11"]
[Round "7"]
[Time "17:11:00"]
[PlyCount "73"]
[White "DenningerGael"]
[Black "RachidAlexandr"]
[WhiteElo "1957"]
[BlackElo "2079"]
[Mode "WEB"]
[Result "0-1"]

1. c4 c5 2. g3 Nc6 3. Nc3 g6 4. Bg2 Bg7 5. Nf3 e5 6. d3 Nge7 7. a3 O-O 8. O-O d6
9. Bd2 h6 10. Rb1 a5 11. Nb5 a4 12. Ne1 Nd4 13. Nxd4 exd4 14. f4 Nf5 15. Nc2 Re8
16. b3 Re7 17. bxa4 Qe8 18. Re1 Rxa4 19. Rb6 Ra6 20. Rxa6 bxa6 21. Qb1 Rxe2 22.
Be4 Rxe1+ 23. Nxe1 Ne3 24. Qb8 Bf8 25. Qa8 Qe6 26. Nf3 Qh3 27. Bxe3 dxe3 28. Qd5
e2 29. Kf2 Qf1+ 30. Ke3 e1=Q+ 31. Nxe1 Qxe1+ 32. Kf3 Qf1+ 33. Ke3 Bg4 34. Kd2
Qd1+ 35. Kc3 Bg7+ 36. d4 Bxd4+ {DenningerGael a abandonné} 0-1

[Event "Tournament 14473 - Europe Echecs"]
[Site "Europe Echecs"]
[Date "2020.07.11"]
[Round "7"]
[Time "17:11:00"]
[PlyCount "100"]
[White "EllisAntoine"]
[Black "CombaudonNatha"]
[WhiteElo "2066"]
[BlackElo "1805"]
[Mode "WEB"]
[Result "1-0"]

1. d4 d5 2. c4 dxc4 3. Nf3 Nf6 4. e3 a6 5. Bxc4 b5 6. Bb3 Bb7 7. O-O e6 8. Nc3
Nbd7 9. Qe2 Be7 10. Rd1 O-O 11. a3 c5 12. Ba2 Qc7 13. d5 exd5 14. Nxd5 Nxd5 15.
Bxd5 Nf6 16. Bxb7 Qxb7 17. b3 Rfd8 18. Bb2 Ne4 19. h3 Qc6 20. Ne5 Qe6 21. Qc2 f5
22. f3 Ng3 23. Kh2 Nh5 24. Kg1 Bd6 25. f4 Ng3 26. a4 Ne4 27. g4 g6 28. Kh2 Rac8
29. axb5 axb5 30. Ra6 Qe7 31. gxf5 gxf5 32. Rg1+ Kf8 33. Qg2 Nf6 34. Nc6 Rxc6
35. Bxf6 Qxf6 36. Rxc6 Qg6 37. Qxg6 hxg6 38. Rxg6 Be7 39. Rge6 Rd2+ 40. Kg3 Rd3
41. Re5 Rxb3 42. Rxf5+ Kg7 43. Kf3 c4 44. Rc7 c3 45. Rxe7+ Kg6 46. Rg5+ Kf6 47.
Rc7 b4 48. Ke4 Rb2 49. Rgc5 Rh2 50. R5c6# {CombaudonNatha est échec et mat} 1-0

[Event "Tournament 14473 - Europe Echecs"]
[Site "Europe Echecs"]
[Date "2020.07.11"]
[Round "7"]
[Time "17:11:00"]
[PlyCount "83"]
[White "BuffinJean"]
[Black "TomasiElise"]
[WhiteElo "1711"]
[BlackElo "2030"]
[Mode "WEB"]
[Result "0-1"]

1. d4 d5 2. c4 e6 3. Nc3 Be7 4. Nf3 Nf6 5. cxd5 exd5 6. Bg5 h6 7. Bh4 O-O 8. e3
b6 9. Bd3 Bb7 10. O-O c5 11. Rc1 c4 12. Bb1 a6 13. Bg3 b5 14. a3 Nc6 15. Ne5 Na5
16. Bc2 Bd6 17. Bh4 Be7 18. Qf3 Qd6 19. Bxf6 Qxf6 20. Nxd5 Bxd5 21. Qxd5 Rfd8
22. Qe4 g6 23. Ng4 Qg5 24. Nxh6+ Kg7 25. Ng4 f5 26. Qe5+ Kf7 27. Qc7 Qxg4 28.
Qxa5 Rh8 29. Qc7 Qh5 30. b3 Rac8 31. Qg3 c3 32. b4 Rc6 33. Bb3+ Kg7 34. e4 fxe4
35. d5 Bd6 36. dxc6 Bxg3 37. fxg3 Qxh2+ 38. Kf2 Rf8+ 39. Ke3 Qxg3+ 40. Kd4 Qd3+
41. Kc5 Rxf1 {BuffinJean a abandonné} 0-1

[Event "Tournament 14473 - Europe Echecs"]
[Site "Europe Echecs"]
[Date "2020.07.11"]
[Round "7"]
[Time "17:11:00"]
[PlyCount "88"]
[White "WeismanNathan"]
[Black "ChabaudMathis"]
[WhiteElo "2186"]
[BlackElo "1920"]
[Mode "WEB"]
[Result "1-0"]

1. e4 c5 2. Nf3 Nc6 3. Bb5 d6 4. O-O Bd7 5. c3 Nf6 6. d4 Nxe4 7. d5 Nb8 8. Bxd7+
Nxd7 9. Re1 Nef6 10. c4 g6 11. Bf4 Qc7 12. Nc3 a6 13. Qe2 Nh5 14. Bg5 f6 15. Bd2
Ne5 16. Nxe5 fxe5 17. Ne4 h6 18. Qg4 Kf7 19. Re3 Nf6 20. Qe6+ Kg7 21. Rf3 Qc8
22. Rxf6 exf6 23. Qxf6+ Kg8 24. Qxg6+ Bg7 25. Qxd6 Qf8 26. Qe6+ Kh7 27. d6 Rd8
28. Ba5 Rc8 29. d7 Rc6 30. Qd5 Bf6 31. Nxf6+ Qxf6 32. d8=Q Rxd8 33. Bxd8 Qf4 34.
Rd1 Rg6 35. g3 Qf5 36. Qxb7+ Rg7 37. Qd5 h5 38. Qxc5 h4 39. Bxh4 Qh5 40. Rd4 Qf5
41. Qd5 Qb1+ 42. Rd1 Qxb2 43. c5 Qb4 44. Qxe5 {ChabaudMathis a perdu au temps} 1-0

[Event "Tournament 14473 - Europe Echecs"]
[Site "Europe Echecs"]
[Date "2020.07.11"]
[Round "7"]
[Time "17:11:00"]
[PlyCount "86"]
[White "BriandAmaury"]
[Black "BoscGabriel"]
[WhiteElo "1929"]
[BlackElo "1994"]
[Mode "WEB"]
[Result "1-0"]

1. e4 c5 2. Nf3 Nc6 3. d4 cxd4 4. Nxd4 g6 5. c4 Bg7 6. Be3 Nf6 7. Nc3 O-O 8. Be2
d6 9. O-O Bd7 10. Nc2 Rc8 11. f3 a5 12. Rb1 Nb4 13. Nxb4 axb4 14. Na4 Ra8 15.
Nb6 Rxa2 16. Qb3 Ra5 17. Qxb4 Rh5 18. g4 Rh3 19. Bf2 h5 20. g5 Nh7 21. Qd2 f6
22. Qd5+ Kh8 23. Qxb7 Be6 24. Kg2 Nxg5 25. Nd5 Bxd5 26. cxd5 f5 27. f4 Nxe4 28.
Kxh3 Nd2 29. Rfd1 Nxb1 30. Rxb1 Qe8 31. Bb5 Qf7 32. Bd7 Qf6 33. b4 g5 34. fxg5
Qxg5 35. Bg3 Qg4+ 36. Kg2 f4 37. Bxg4 hxg4 38. Bf2 f3+ 39. Kf1 Bf6 40. b5 Kg7
41. Qd7 Rh8 42. Qxg4+ Kf7 43. Qxf3 {BoscGabriel a perdu au temps} 1-0

[Event "Tournament 14473 - Europe Echecs"]
[Site "Europe Echecs"]
[Date "2020.07.11"]
[Round "7"]
[Time "17:11:00"]
[PlyCount "50"]
[White "LecciaAntoine"]
[Black "GuitouniSoha"]
[WhiteElo "1950"]
[BlackElo "1780"]
[Mode "WEB"]
[Result "1-0"]

1. d4 d5 2. Nf3 Nf6 3. e3 c5 4. Nbd2 e6 5. dxc5 Bxc5 6. a3 Nc6 7. b4 Bb6 8. Bb2
O-O 9. Bd3 Bd7 10. O-O Bc7 11. c4 dxc4 12. Nxc4 Nd5 13. Qe2 Nce7 14. Rfd1 Qb8
15. g3 Ng6 16. Bxg6 hxg6 17. e4 Bc6 18. exd5 exd5 19. Ne3 Re8 20. Nd4 Bb6 21.
Nxc6 bxc6 22. Bd4 Bc7 23. Qb2 f6 24. Qc2 Kf7 25. Qxc6 {GuitouniSoha a abandonné} 1-0

[Event "Tournament 14473 - Europe Echecs"]
[Site "Europe Echecs"]
[Date "2020.07.11"]
[Round "7"]
[Time "17:11:00"]
[PlyCount "68"]
[White "LecciaThomas"]
[Black "ShvedJakov"]
[WhiteElo "1893"]
[BlackElo "1667"]
[Mode "WEB"]
[Result "1-0"]

1. e4 d5 2. exd5 Nf6 3. Bb5+ Bd7 4. Bc4 a5 5. Nc3 g6 6. Nge2 Bg7 7. O-O O-O 8.
d3 Bf5 9. Bf4 Nbd7 10. Ng3 Nb6 11. Nxf5 gxf5 12. Qf3 Kh8 13. Bg3 Qd7 14. Rfe1
Rad8 15. Rab1 Nbxd5 16. Nxd5 Nxd5 17. Bxd5 Qxd5 18. Qxd5 Rxd5 19. Rxe7 Rc5 20.
Rxc7 Rc8 21. Rxc8+ Rxc8 22. c3 b5 23. f3 b4 24. cxb4 axb4 25. Bd6 Bd4+ 26. Kh1
Bxb2 27. Bxb4 Kg7 28. g3 Kf6 29. Rxb2 Rc1+ 30. Kg2 f4 31. Bd2 Kf5 32. Bxc1 Ke5
33. Bxf4+ Kd4 34. a4 {ShvedJakov a abandonné} 1-0

[Event "Tournament 14473 - Europe Echecs"]
[Site "Europe Echecs"]
[Date "2020.07.11"]
[Round "7"]
[Time "17:11:00"]
[PlyCount "153"]
[White "ParalieuMaxime"]
[Black "courjalpauline"]
[WhiteElo "1569"]
[BlackElo "1848"]
[Mode "WEB"]
[Result "1/2-1/2"]

1. d4 e6 2. c4 b6 3. Nf3 Bb7 4. g3 f5 5. Bg2 Nf6 6. O-O Be7 7. Nc3 O-O 8. b3 h6
9. Bb2 d6 10. e3 Nbd7 11. Qc2 Ne4 12. Rfe1 Ndf6 13. Nd2 d5 14. cxd5 Nxc3 15.
Bxc3 Bxd5 16. Bxd5 Nxd5 17. e4 fxe4 18. Rxe4 Rf6 19. Rae1 Qf8 20. f4 c5 21. dxc5
Bxc5+ 22. Kg2 Nxc3 23. Qxc3 Rd8 24. Nc4 Bb4 25. Qc2 Bxe1 26. Rxe1 Qb4 27. Re2
Qc5 28. Re5 Qc6+ 29. Kg1 b5 30. Ne3 Qb6 31. Kg2 Qa5 32. Kf3 Qb6 33. Ng4 Rf7 34.
Qg6 Qb7+ 35. Kf2 Qb6+ 36. Kf3 Kf8 37. Rxe6 Qb7+ 38. Re4 Re8 39. Qd6+ Rfe7 40.
Ne5 Kg8 41. Qc5 Kh7 42. Qd6 Qc7 43. Qg6+ Kg8 44. Re3 Qb7+ 45. Re4 Re6 46. Qf5
Rf6 47. Qh5 Ref8 48. Qg4 Qc7 49. Kg2 Qc2+ 50. Re2 Qc3 51. Kh3 Qc1 52. Qf3 Qg1
53. Qd5+ Kh7 54. Qe4+ Kh8 55. Rg2 Qf1 56. Ng6+ Kg8 57. Nxf8 Rxf8 58. Qd5+ Kh7
59. Qe4+ Kh8 60. Qe7 Ra8 61. Qb7 Re8 62. Qxa7 Re2 63. Qa8+ Kh7 64. Qd5 Rxa2 65.
Qf5+ Kg8 66. Qc8+ Kf7 67. Qc7+ Kg6 68. Qc6+ Kh7 69. Qe4+ Kg8 70. Qe8+ Kh7 71.
Qe4+ g6 72. Qe7+ Kg8 73. Qe8+ Kg7 74. Qe7+ Kg8 75. Qe8+ Kg7 76. Qe7+ Kg8 {Nulle par répétition} 1/2-1/2

[Event "Tournament 14473 - Europe Echecs"]
[Site "Europe Echecs"]
[Date "2020.07.11"]
[Round "7"]
[Time "17:11:00"]
[PlyCount "56"]
[White "SabianiChjara"]
[Black "DecurningeBric"]
[WhiteElo "1842"]
[BlackElo "1582"]
[Mode "WEB"]
[Result "1-0"]

1. d4 Nf6 2. c4 g6 3. Nc3 d5 4. Qb3 dxc4 5. Qxc4 Bg7 6. e4 Nbd7 7. Nf3 O-O 8.
Bf4 c6 9. Be2 Nb6 10. Qd3 Re8 11. O-O Nh5 12. Bg5 f6 13. Be3 e5 14. Rad1 Nf4 15.
Bxf4 exf4 16. Rfe1 Be6 17. b3 Qc7 18. d5 cxd5 19. exd5 Bf5 20. Qd4 Rac8 21. Nb5
Qc2 22. Rd2 Qc5 23. Qxc5 Rxc5 24. Nd6 Re7 25. Nxf5 gxf5 26. Red1 Rd7 27. d6 Rc6
28. Bb5 {DecurningeBric a perdu au temps} 1-0

[Event "Tournament 14473 - Europe Echecs"]
[Site "Europe Echecs"]
[Date "2020.07.11"]
[Round "7"]
[Time "17:11:00"]
[PlyCount "115"]
[White "ParisRomain"]
[Black "LarmetNino"]
[WhiteElo "1486"]
[BlackElo "1818"]
[Mode "WEB"]
[Result "0-1"]

1. d4 d5 2. c4 e6 3. Nc3 c6 4. Nf3 dxc4 5. a4 Bb4 6. Bd2 Bd7 7. e4 b5 8. axb5
cxb5 9. b3 Bxc3 10. Bxc3 Nf6 11. e5 Nd5 12. Ba5 Qc8 13. Qc2 c3 14. Bd3 b4 15.
Ng5 h6 16. Ne4 O-O 17. Nd6 Qc6 18. Bb5 Qxb5 19. Nxb5 Bxb5 20. O-O-O Nc6 21. Qa2
Nf4 22. Bc7 Nd3+ 23. Rxd3 Bxd3 24. Bd6 Nxd4 25. Bxf8 Ne2+ 26. Kd1 c2+ 27. Kd2
Rxf8 28. Qxa7 Rc8 29. Qa1 c1=Q+ 30. Rxc1 Nxc1 31. Qa4 Rc2+ 32. Ke3 Re2+ 33. Kf3
Be4+ 34. Kg3 Nd3 35. Qe8+ Kh7 36. Qxf7 Bf5 37. f3 Rxe5 38. Qc7 Rd5 39. h3 Ne5
40. Qc1 Nd3 41. Qa1 Rc5 42. Qa7 Rc3 43. Qb6 Rxb3 44. Qd4 Rc3 45. h4 Rc8 46. Kh2
b3 47. g4 b2 48. gxf5 b1=Q 49. f6 Qb8+ 50. Kg2 Qb2+ 51. Kg3 Qxd4 52. f4 Qxf6 53.
h5 Qxf4+ 54. Kg2 Ne5 55. Kh3 Rc3+ 56. Kg2 Qd2+ 57. Kf1 Rc1# {ParisRomain est échec et mat} 0-1

[Event "Tournament 14473 - Europe Echecs"]
[Site "Europe Echecs"]
[Date "2020.07.11"]
[Round "7"]
[Time "17:11:00"]
[PlyCount "144"]
[White "FrancoisGwlady"]
[Black "BenamarRayan"]
[WhiteElo "1816"]
[BlackElo "1558"]
[Mode "WEB"]
[Result "1-0"]

1. e4 e5 2. Nf3 Nc6 3. Bb5 a6 4. Bxc6 dxc6 5. O-O Bc5 6. Nxe5 Nf6 7. d3 Qd4 8.
Nf3 Bg4 9. Nxd4 Bxd1 10. Rxd1 Bxd4 11. c3 Bb6 12. h3 h6 13. Bf4 O-O-O 14. Na3
Nh5 15. Bh2 g5 16. Nc4 Ba7 17. Ne5 Rh7 18. a4 Rf8 19. g4 Ng7 20. b4 Ne6 21. b5
cxb5 22. axb5 Nc5 23. Kf1 f6 24. Nc4 Rd8 25. Nb2 Bb6 26. bxa6 Nxa6 27. Ke2 Rhd7
28. d4 Re8 29. f3 Rf7 30. Nc4 Ba7 31. Kd3 Bb8 32. Kc2 Rd7 33. Rdb1 Re6 34. Na5
Rb6 35. Rxb6 cxb6 36. Bxb8 bxa5 37. Ba7 Rc7 38. Rxa5 Nb4+ 39. Kd2 Nc6 40. Ra2
Ne7 41. Bb6 Rc6 42. Ra8+ Kd7 43. Rd8+ Ke6 44. d5+ Ke5 45. dxc6 Nxc6 46. Bc7+ Ke6
47. Rh8 b5 48. Rxh6 b4 49. cxb4 Nxb4 50. e5 Nd5 51. Bb8 Kf7 52. exf6 Nxf6 53.
Rh8 Nd5 54. Rd8 Nf4 55. Bxf4 gxf4 56. Kd3 Ke7 57. Rd4 Ke6 58. Rxf4 Ke5 59. Ra4
Kf6 60. Ke4 Kg5 61. f4+ Kh4 62. f5 Kg5 63. Ke5 Kh6 64. f6 Kg6 65. Ke6 Kg5 66. f7
Kh4 67. Ra5 Kg3 68. f8=Q Kh4 69. Qf6+ Kg3 70. Ra3+ Kg2 71. Qb2+ Kg1 72. Ra1# {BenamarRayan est échec et mat} 1-0

[Event "Tournament 14473 - Europe Echecs"]
[Site "Europe Echecs"]
[Date "2020.07.11"]
[Round "7"]
[Time "17:11:00"]
[PlyCount "51"]
[White "KrivcenkoAlexa"]
[Black "LeforestierEnz"]
[WhiteElo "1795"]
[BlackElo "1350"]
[Mode "WEB"]
[Result "0-1"]

1. d4 Nf6 2. c4 g6 3. Nc3 Bg7 4. e4 d6 5. Nf3 O-O 6. h3 e5 7. d5 Nbd7 8. g4 Nc5
9. Nd2 a5 10. a3 a4 11. Rg1 Bd7 12. h4 h5 13. g5 Ng4 14. Be2 f6 15. gxf6 Qxf6
16. Nf3 Nb3 17. Bg5 Qf7 18. Rb1 Nh2 19. Rg3 Bg4 20. Be7 Nxf3+ 21. Bxf3 Bxf3 22.
Rxf3 Qxf3 23. Bxf8 Rxf8 24. Qxf3 Rxf3 25. Ke2 Rf4 {KrivcenkoAlexa a perdu au temps} 0-1

[Event "Tournament 14473 - Europe Echecs"]
[Site "Europe Echecs"]
[Date "2020.07.11"]
[Round "7"]
[Time "17:11:00"]
[PlyCount "108"]
[White "DincovMatei"]
[Black "BruguierFloria"]
[WhiteElo "1714"]
[BlackElo "1422"]
[Mode "WEB"]
[Result "1-0"]

1. e4 e5 2. Nf3 Nc6 3. Nc3 Bc5 4. Nxe5 Nxe5 5. d4 Bxd4 6. Qxd4 Nf6 7. Qxe5+ Qe7
8. Qxe7+ Kxe7 9. Bc4 Re8 10. O-O Kf8 11. Re1 d6 12. Bg5 Nd7 13. f4 Nc5 14. e5
dxe5 15. fxe5 h6 16. Bh4 Bf5 17. Bf2 Nd7 18. Bg3 Bxc2 19. Nd5 Rac8 20. Rac1 Bf5
21. Bb3 c6 22. Ne3 Bg6 23. Nc4 Rcd8 24. Nd6 Re7 25. Nxb7 Rde8 26. Nd6 Rd8 27.
Rxc6 Nxe5 28. Rxe5 Rxd6 29. Rxd6 Rxe5 30. Bxe5 f6 31. Bd4 Ke7 32. Re6+ Kd7 33.
Bxa7 Bf7 34. Re3 Bg6 35. Ba4+ Kd6 36. b4 Bf5 37. b5 Bc8 38. b6 Bb7 39. Rc3 f5
40. Rc7 Ba8 41. b7 Bxb7 42. Rxb7 f4 43. Bb8+ Ke6 44. Bb3+ Kf5 45. Rf7+ Kg6 46.
Kf2 h5 47. Kf3 h4 48. Kxf4 h3 49. gxh3 Kh6 50. Be5 g5+ 51. Kg4 Kg6 52. Rf6+ Kh7
53. Kxg5 Kh8 54. Rh6# {BruguierFloria est échec et mat} 1-0

[Event "Tournament 14473 - Europe Echecs"]
[Site "Europe Echecs"]
[Date "2020.07.11"]
[Round "7"]
[Time "17:11:00"]
[PlyCount "44"]
[White "DelinValere"]
[Black "KrzymanskiLeo"]
[WhiteElo "2043"]
[BlackElo "1506"]
[Mode "WEB"]
[Result "1-0"]

1. e4 c5 2. Nf3 Nc6 3. d4 cxd4 4. Nxd4 g6 5. Nc3 Bg7 6. Be3 e6 7. Ndb5 Nge7 8.
Nd6+ Kf8 9. Be2 Be5 10. O-O Qc7 11. Bh6+ Kg8 12. Ncb5 Qb8 13. f4 Bg7 14. Bxg7
Kxg7 15. f5 exf5 16. exf5 a6 17. f6+ Kg8 18. fxe7 Kg7 19. Rxf7+ Kh6 20. Qd2+ g5
21. Rf6+ Kg7 22. Qxg5# {KrzymanskiLeo est échec et mat} 1-0

[Event "Tournament 14473 - Europe Echecs"]
[Site "Europe Echecs"]
[Date "2020.07.11"]
[Round "7"]
[Time "17:11:00"]
[PlyCount "83"]
[White "RubsamenAnais"]
[Black "RobineGuillaum"]
[WhiteElo "1692"]
[BlackElo "1571"]
[Mode "WEB"]
[Result "0-1"]

1. Nf3 d5 2. g3 g6 3. Bg2 Bg7 4. O-O Nf6 5. d4 O-O 6. Nbd2 c6 7. c4 Nbd7 8. c5
b6 9. b4 Ba6 10. Bb2 Rb8 11. a3 bxc5 12. dxc5 Nxc5 13. Bxf6 Bxf6 14. bxc5 Bxa1
15. Qxa1 f6 16. Nd4 Qd7 17. Qa2 Kg7 18. e4 Bxf1 19. Bxf1 e5 20. N4b3 Rfd8 21.
exd5 Qxd5 22. Bg2 Qe6 23. Qc2 f5 24. Nc4 e4 25. Qc3+ Kg8 26. Bf1 Qd5 27. Nd6
Rxb3 28. Qxb3 Qxb3 29. Bc4+ Qxc4 30. Nxc4 Rd1+ 31. Kg2 Rc1 32. Nd6 Rxc5 33. Nc8
a5 34. a4 Kf8 35. Nb6 Ke8 36. Kf1 Kd8 37. Ke2 Kc7 38. Na8+ Kb7 39. Ke3 Kxa8 40.
Kd4 Rd5+ 41. Kc4 Kb7 {RubsamenAnais a abandonné} 0-1

[Event "Tournament 14473 - Europe Echecs"]
[Site "Europe Echecs"]
[Date "2020.07.11"]
[Round "7"]
[Time "17:11:00"]
[PlyCount "108"]
[White "SoaresDeMeloNa"]
[Black "GroussetNathan"]
[WhiteElo "1183"]
[BlackElo "1476"]
[Mode "WEB"]
[Result "1-0"]

1. e4 c5 2. b3 Nc6 3. Bb2 d6 4. Nc3 Nf6 5. d3 g6 6. Nf3 Bg7 7. Nd5 e6 8. Nxf6+
Bxf6 9. Bxf6 Qxf6 10. Be2 O-O 11. O-O d5 12. exd5 exd5 13. Re1 Be6 14. Qd2 Rfe8
15. Qh6 b6 16. Ng5 Qg7 17. Qxg7+ Kxg7 18. Nxe6+ Rxe6 19. Bf3 Rd8 20. c4 Nb4 21.
Bg4 Rxe1+ 22. Rxe1 Nxd3 23. Rd1 Ne5 24. Be2 d4 25. f4 Nc6 26. Kf2 f5 27. Rd2 Kf6
28. Bf3 Rd6 29. Bxc6 Rxc6 30. b4 Re6 31. bxc5 bxc5 32. a4 Rb6 33. a5 Rb4 34. Rc2
Ra4 35. Rb2 Rxa5 36. Rb7 h6 37. Rc7 g5 38. Rc6+ Kg7 39. Kf3 g4+ 40. Kg3 Ra3+ 41.
Kh4 d3 42. Rxc5 d2 43. Rd5 Ra2 44. c5 Rc2 45. c6 Rxc6 46. Rxd2 Kg6 47. Ra2 a6
48. h3 gxh3 49. gxh3 Kf7 50. Kh5 Rg6 51. Ra5 Rf6 52. h4 Ke7 53. Rxa6 Rb6 54.
Rxb6 {GroussetNathan a abandonné} 1-0

[Event "Tournament 14473 - Europe Echecs"]
[Site "Europe Echecs"]
[Date "2020.07.11"]
[Round "7"]
[Time "17:11:00"]
[PlyCount "70"]
[White "BruneauLilian"]
[Black "FondratJohan"]
[WhiteElo "1386"]
[BlackElo "1509"]
[Mode "WEB"]
[Result "1-0"]

1. d4 d5 2. Bf4 Bf5 3. Nf3 Nf6 4. e3 Nh5 5. Bg3 Nxg3 6. hxg3 e6 7. Bd3 Bxd3 8.
Qxd3 c5 9. c3 c4 10. Qc2 Nc6 11. Nbd2 h6 12. Ne5 Nxe5 13. dxe5 Qa5 14. Nf3 Bc5
15. Nd4 Bxd4 16. exd4 b5 17. g4 b4 18. Ke2 Rb8 19. g5 Kd7 20. g6 Rhf8 21. gxf7
Rxf7 22. Qg6 Rbf8 23. f3 bxc3 24. bxc3 Qxc3 25. Rab1 Qa5 26. Rb7+ Ke8 27. Qxe6+
Kd8 28. Rxf7 Qxa2+ 29. Ke3 Qb3+ 30. Kf4 Rxf7+ 31. Qxf7 g5+ 32. Kg3 Qe3 33. e6
Qf4+ 34. Qxf4 g4 35. Qf7 {FondratJohan a abandonné} 1-0

[Event "Tournament 14473 - Europe Echecs"]
[Site "Europe Echecs"]
[Date "2020.07.11"]
[Round "7"]
[Time "17:11:00"]
[PlyCount "78"]
[White "HalilovicDario"]
[Black "WittenbergSere"]
[WhiteElo "1170"]
[BlackElo "1447"]
[Mode "WEB"]
[Result "1-0"]

1. e4 e6 2. d4 d5 3. Nc3 Nf6 4. Bg5 Bb4 5. e5 h6 6. exf6 hxg5 7. fxg7 Rg8 8. Nf3
Qf6 9. h4 Qxg7 10. Nxg5 Nc6 11. Bb5 Bd7 12. Qd2 Qxd4 13. Qxd4 Nxd4 14. Bxd7+
Kxd7 15. O-O-O Bxc3 16. bxc3 Nc6 17. c4 d4 18. c3 e5 19. g3 Ke7 20. Rhe1 f6 21.
Nf3 dxc3 22. Kc2 Rad8 23. Kxc3 Rg4 24. h5 Kf7 25. Rxd8 Nxd8 26. Rxe5 Rxc4+ 27.
Kxc4 fxe5 28. Nxe5+ Kg7 29. g4 Ne6 30. Kd5 Nf4+ 31. Ke4 Ne6 32. Kf5 Nd4+ 33. Ke4
Ne6 34. f4 Kf6 35. g5+ Kg7 36. Kf5 Nf8 37. h6+ Kh7 38. Kf6 c6 39. g6+ {WittenbergSere a perdu au temps} 1-0

[Event "Tournament 14473 - Europe Echecs"]
[Site "Europe Echecs"]
[Date "2020.07.11"]
[Round "7"]
[Time "17:11:00"]
[PlyCount "99"]
[White "ChelliliYounes"]
[Black "EricAndrianaFi"]
[WhiteElo "1101"]
[BlackElo "1401"]
[Mode "WEB"]
[Result "0-1"]

1. e4 c6 2. d4 d5 3. e5 Bf5 4. Nf3 e6 5. Be2 Nd7 6. O-O Rc8 7. Be3 c5 8. dxc5
Bxc5 9. Bxc5 Nxc5 10. Bb5+ Nd7 11. c3 Ne7 12. Qa4 a6 13. Be2 O-O 14. Qb3 Rb8 15.
Nbd2 Ng6 16. g3 Ngxe5 17. Rac1 Qf6 18. Qa4 Bh3 19. Rfe1 Nc5 20. Qd4 Ncd7 21. Bf1
Bxf1 22. Rxf1 Nxf3+ 23. Nxf3 Qxf3 24. Qa4 Nf6 25. c4 Qh5 26. Kg2 dxc4 27. Rxc4
b5 28. Rh4 bxa4 29. Rxh5 Nxh5 30. Rd1 Nf6 31. Rd2 Rfd8 32. Rc2 Nd5 33. a3 g6 34.
h4 Rb3 35. Kf1 Rdb8 36. Kg2 Ne3+ 37. fxe3 Rxb2 38. Rxb2 Rxb2+ 39. Kf3 Ra2 40.
Kf4 Rxa3 41. e4 Rb3 42. g4 a3 43. g5 a2 44. Kg4 a1=Q 45. h5 Qf1 46. hxg6 hxg6
47. Kh4 Rb2 48. Kg4 Rg2+ 49. Kh3 Qh1# {ChelliliYounes est échec et mat} 0-1

[Event "Tournament 14473 - Europe Echecs"]
[Site "Europe Echecs"]
[Date "2020.07.11"]
[Round "7"]
[Time "17:11:00"]
[PlyCount "151"]
[White "RebenaFlorian"]
[Black "SwietlikCharle"]
[WhiteElo "1081"]
[BlackElo "1388"]
[Mode "WEB"]
[Result "0-1"]

1. e4 e5 2. Nf3 Nc6 3. Bc4 Bc5 4. Nc3 Nf6 5. d3 d6 6. Bg5 h6 7. Bh4 g5 8. Bg3
Bg4 9. a3 Qd7 10. b4 Bb6 11. b5 Nd4 12. Nd5 Nxd5 13. Bxd5 Bxf3 14. gxf3 Nxb5 15.
Bxb7 Rb8 16. Bd5 Nc3 17. Qd2 Nxd5 18. exd5 Bd4 19. c3 Bb6 20. O-O Qf5 21. Kg2 h5
22. h3 h4 23. Bh2 Ba5 24. Rfe1 Rb6 25. f4 gxf4 26. Bxf4 Rg8+ 27. Kh2 Kd7 28. Rg1
Rxg1 29. Rxg1 Qxf4+ 30. Qxf4 exf4 31. c4 Rb2 32. Rg2 Bb6 33. Rg4 Rxf2+ 34. Kh1
Rf3 35. Rxh4 Ke7 36. Rg4 Rxh3+ 37. Kg2 Rg3+ 38. Rxg3 fxg3 39. Kxg3 Kf6 40. Kf4
Bc5 41. a4 Kg6 42. Ke4 Kg5 43. d4 Bb4 44. Kd3 Kf4 45. Kc2 Ke4 46. Kb3 Bd2 47. c5
Kxd4 48. cxd6 cxd6 49. Kc2 Ba5 50. Kb3 Kxd5 51. Kc2 f5 52. Kd3 f4 53. Ke2 Ke4
54. Kf2 d5 55. Ke2 Bc7 56. Kf2 Kd3 57. Kf3 Kd2 58. Kf2 d4 59. Kf3 Ke1 60. Ke4
Bb6 61. Kxf4 d3 62. Ke4 d2 63. Kd5 d1=Q+ 64. Kc6 Qf3+ 65. Kb5 Qd5+ 66. Kb4 Kd2
67. a5 Qxa5+ 68. Kc4 Qc5+ 69. Kb3 Kc1 70. Ka4 Qc4+ 71. Ka3 Qb5 72. Ka2 Kc2 73.
Ka3 Qb2+ 74. Ka4 Qb1 75. Ka3 Qb3# {RebenaFlorian est échec et mat} 0-1

[Event "Tournament 14473 - Europe Echecs"]
[Site "Europe Echecs"]
[Date "2020.07.11"]
[Round "7"]
[Time "17:11:00"]
[PlyCount "95"]
[White "LiJacques"]
[Black "GavilaQuentin"]
[WhiteElo "1076"]
[BlackElo "1199"]
[Mode "WEB"]
[Result "0-1"]

1. e4 e6 2. d4 d5 3. Nc3 Nf6 4. e5 Nfd7 5. Nf3 c5 6. Bb5 a6 7. Bxd7+ Bxd7 8. O-O
Nc6 9. Be3 Qb6 10. dxc5 Bxc5 11. Bxc5 Qxc5 12. Na4 Qe7 13. Rc1 O-O 14. Nb6 Rab8
15. Re1 Nb4 16. a3 Nc6 17. Nd4 Nxd4 18. Qxd4 Bc6 19. Re3 f6 20. exf6 Rxf6 21.
Rh3 Rbf8 22. Qh4 h6 23. Qg3 Rxf2 24. Rxh6 Qf7 25. h3 Rf1+ 26. Rxf1 Qxf1+ 27. Kh2
Qf7 28. Rg6 e5 29. Rg5 e4 30. Qh4 Qf4+ 31. Qxf4 Rxf4 32. Nxd5 Bxd5 33. Rxd5 Rf2
34. Rd8+ Kf7 35. Rd7+ Ke6 36. Rxg7 e3 37. Rg8 Ke7 38. Kg1 Rxc2 39. Rg7+ Kf6 40.
Rxb7 Rc1+ 41. Kh2 e2 42. Rb6+ Ke7 43. Rb7+ Kd6 44. Rb6+ Kd5 45. Rxa6 e1=Q 46.
Ra8 Qe5+ 47. g3 Qe2# {LiJacques est échec et mat} 0-1

[Event "Tournament 14473 - Europe Echecs"]
[Site "Europe Echecs"]
[Date "2020.07.11"]
[Round "7"]
[Time "17:11:00"]
[PlyCount "88"]
[White "GerardKelian"]
[Black "YaylaElif"]
[WhiteElo "1056"]
[BlackElo "1199"]
[Mode "WEB"]
[Result "1-0"]

1. d4 e6 2. e4 d5 3. e5 c5 4. Nf3 Nc6 5. c4 f6 6. Nc3 f5 7. Bd3 cxd4 8. cxd5
dxc3 9. dxc6 cxb2 10. Bxb2 Qb6 11. cxb7 Bxb7 12. Bd4 Bxf3 13. Qxf3 Qxd4 14.
Qxa8+ Kf7 15. Rd1 Qxe5+ 16. Kf1 Be7 17. Qxa7 Nf6 18. g3 Rd8 19. h3 Qb8 20. Qe3
Ne4 21. g4 g6 22. gxf5 exf5 23. Bc4+ Kf6 24. Rxd8 Qxd8 25. Kg2 Qd2 26. Qxd2 Nxd2
27. Bd3 Ke5 28. Re1+ Ne4 29. f3 Kd4 30. fxe4 Kxd3 31. exf5 Bb4 32. Rb1 Kc3 33.
fxg6 hxg6 34. Rf1 Kb2 35. a4 Ba5 36. Rf6 g5 37. Rf5 Bd2 38. a5 Kb3 39. a6 Be3
40. Rxg5 Bxg5 41. a7 Kc3 42. a8=Q Kd3 43. Qd5+ Kc3 44. Qxg5 {YaylaElif a perdu au temps} 1-0